Deutsche Nummer-1-Hits mit I - Statistiken

Allgemein
  • Dieses Quiz wurde 52 mal gespielt
  • Das Durchschnittsergebnis liegt bei 8 aus 27
Antwortstatistiken
Jahr Textzeile Titel % Korrekt
1999 You are my fire, the one desire I Want It That Way
69%
1967 Then I saw her face, now __ _ _______ I’m a Believer
67%
1982 Mein Maserati fährt 210, schwupp, die Polizei hat's nicht gesehen Ich will Spaß
63%
1963 Dabei kommt's mir gar nicht auf das Schießen an, denn ich weiß, dass so ein Cowboy küssen kann Ich will 'nen Cowboy als Mann
56%
2008 _ ____ _ ___ and I liked it, the taste of her cherry chapstick I Kissed a Girl
56%
1981 And I've been waiting for this moment for all my life, oh Lord In the Air Tonight
42%
1993 ______, ya no say daddy me Snow me I go blame, a licky boom-boom down Informer
40%
1994 _ ___ by the moon and the stars in the skies I Swear
38%
1986 Shots ring out in the dead of night, the sergeant calls: Stand up and fight! In the Army Now
33%
1969 __ ___ ____ ____, if man is still alive, if woman can survive In the Year 2525
33%
2009 Gib mir'n kleines bisschen Sicherheit in einer Welt, in der nichts sicher scheint Irgendwas bleibt
29%
2009 Three hundred sixty-five days of the year, running round, running round and going nowhere I Will Love You Monday (365)
29%
1998 I could stay awake just to hear you breathing I Don’t Want to Miss a Thing
25%
1984 No new year's day to celebrate, no chocolate covered candy hearts to give away I Just Called to Say I Love You
23%
1975 If you got a problem, don't care what it is, if you need a hand, I can assure you this, _ __ ___ I Can Help
21%
1972 When the day is dawning, on a Texas Sunday morning Is This The Way To Amarillo?
21%
1983 Rainy days never say goodbye to desire when we are together I Like Chopin
19%
1980 And __ _ ___ ___ ______, you got me rocking and reeling It’s a Real Good Feeling
17%
1992 Stop bugging me, stop bothering me, stop bugging me, stop forcing me, stop fighting me, stop yelling me, __ __ ___ It's My Life
17%
1995 _ _____ __ _ _____ and I want to get stoned I Wanna Be a Hippy
17%
1993 If I should stay I would only be in your way I Will Always Love You
17%
1993 And some days it don't come easy, and some days it don't come hard, some days it don't come at all I’d Do Anything for Love (But I Won’t Do That)
15%
2024 You said you're scared I'll let you down, just stick around and you'll find out, but don't you want to make me proud? I Like the Way You Kiss Me
15%
1987 When I look back upon my life it's always with a sense of shame It’s a Sin
15%
2021 Alles was ich sage geht viral grad, zu Rappern mit Rücken frech sein, __ ___ __ Ich darf das
13%
1970 We're always happy, life's for living, yeah that's our philosophy In The Summertime
10%
1969 Get up in the morning slaving for bread, sir, so that every mouth can be fed Israelites
10%
Keine übereinstimmenden Quizze gefunden
Verteilung der Resultate
Anzahl Personen mit jedem Resultat
Perzentil nach korrekt beantworteten Fragen
Ihre Resultats-Entwicklung
Sie haben dieses Quiz noch nicht gespielt